В помощь сельскому врачу. Вып. 4: Краткое руководство по технике безопасности простейших клинико-диагностических лабораторных исследований (Запись № 13596835)

Подробности
000 -МАРКЕР
контрольное поле 01240nam2a2200253 4500
001 - ИДЕНТИФИКАТОР ЗАПИСИ
контрольное поле rc\2929384
005 - ИДЕНТИФИКАТОР ВЕРСИИ
контрольное поле 20260315055056.0
035 ## - ДРУГИЕ СИСТЕМНЫЕ НОМЕРА
Идентификатор записи (NLR Aleph) 007078980
100 ## - ДАННЫЕ ОБЩЕЙ ОБРАБОТКИ
Данные общей обработки 20110818d1939 u y0rusy50 ca
101 0# - ЯЗЫК РЕСУРСА
Язык текста, звукозаписи и т.д. русский
102 ## - СТРАНА ПУБЛИКАЦИИ ИЛИ ПРОИЗВОДСТВА
Страна публикации Российская Федерация
105 ## - ПОЛЕ КОДИРОВАННЫХ ДАННЫХ: ТЕКСТОВЫЕ МАТЕРИАЛЫ, МОНОГРАФИЧЕСКИЕ
Кодированные данные о монографическом текстовом документе y z |||||
200 1# - ЗАГЛАВИЕ И СВЕДЕНИЯ ОБ ОТВЕТСТВЕННОСТИ
Основное заглавие Краткое руководство по технике безопасности простейших клинико-диагностических лабораторных исследований
210 ## - ПУБЛИКАЦИЯ, РАСПРОСТРАНЕНИЕ И ДР.
Дата издания, распространения и т.д. 1939
300 ## - ОБЩИЕ ПРИМЕЧАНИЯ
Текст примечания Загл. серии взято с обл.
461 #0 - УРОВЕНЬ НАБОРА
Встроенное поле 001rc\2929381
-- 2001#$aВ помощь сельскому врачу$eВып. 1-$fКабинет больничной и внебольничной помощи Моск. обл. клинич. ин-та$vВып. 4
Системный номер (АБИС) связанной записи 6457280
Место публикации Москва
Дата публикации 1939
Первые сведения об ответственности Кабинет больничной и внебольничной помощи Моск. обл. клинич. ин-та
Имя издателя, распространителя и т.д. Б. и.
Сведения, относящиеся к заглавию Вып. 1-
Заглавие В помощь сельскому врачу
Номер тома Вып. 4
700 #1 - ИМЯ ЛИЦА - ПЕРВИЧНАЯ ОТВЕТСТВЕННОСТЬ
Начальный элемент ввода Криммер
Часть имени, кроме начального элемента ввода Д.И.
801 #0 - ИСТОЧНИК ЗАПИСИ
Страна Российская Федерация
Организация NLR
Правила каталогизации psbo
801 #1 - ИСТОЧНИК ЗАПИСИ
Страна Российская Федерация
Организация ELAR
Источник данных rusmarc
852 ## - МЕСТОНАХОЖДЕНИЕ И ШИФР ХРАНЕНИЯ
Идентификатор организации NLR
Шифр хранения (Call Number) 39-11/1048
852 ## - МЕСТОНАХОЖДЕНИЕ И ШИФР ХРАНЕНИЯ
Идентификатор организации NLR
Шифр хранения (Call Number) 39-11/2094
942 ## - ДОПОЛНИТЕЛЬНЫЕ ЭЛЕМЕНТЫ ЗАПИСИ (АБИС)
Тип экземпляра АБИС Неопределено
980 ## - КОЛЛЕКЦИЯ
Название коллекции Национальная библиография

Нет доступных экземпляров.